European monarchs - Statistics

General Stats
  • This quiz has been taken 210 times
    22 since last reset
  • The average score is 8 of 13
Answer Stats
Country Title Name % Correct
United Kingdom King Charles III
100%
Vatican City Pope Leo XIV
90%
Monaco Prince Albert II
85%
Spain King Felipe VI
80%
Andorra Co-Prince Emmanuel Macron
65%
Denmark King Frederik X
65%
Norway King Harald V
65%
Netherlands King Willem-Alexander
65%
Belgium King Philippe
60%
Sweden King Carl XVI Gustaf
55%
Liechtenstein Prince Hans-Adam II
40%
Luxembourg Grand Duke Guillaume V
35%
Andorra Co-Prince Josep-Lluís Serrano Pentinat
20%
No matching quizzes found
Score Distribution
Percent of People with Each Score
Percentile by Number Answered
Your Score History
You have not taken this quiz since the last reset